UM Logo

Basic instincts : (Record no. 23376)

MARC details
000 -LEADER
fixed length control field 00564nam a22001457a 4500
005 - DATE AND TIME OF LATEST TRANSACTION
control field 20250206172010.0
008 - FIXED-LENGTH DATA ELEMENTS--GENERAL INFORMATION
fixed length control field 250206b |||||||| |||| 00| 0 eng d
100 ## - MAIN ENTRY--PERSONAL NAME
Personal name Sartore, Joel.
Relator term author.
9 (RLIN) 63504
245 ## - TITLE STATEMENT
Title Basic instincts :
Remainder of title these frogs melt when mating season starts /
Statement of responsibility, etc. Joel Sartore.
260 ## - PUBLICATION, DISTRIBUTION, ETC. (IMPRINT)
Place of publication, distribution, etc. Washington ;
Name of publisher, distributor, etc. National Geographic Partners, LLC.,
Date of publication, distribution, etc. October 2022.
300 ## - PHYSICAL DESCRIPTION
Extent volume 241, pages 28,
Other physical details illustration.
500 ## - GENERAL NOTE
General note National Geographic, v. 242, n. 3, pages 28, September 2022.
700 ## - ADDED ENTRY--PERSONAL NAME
Personal name Sartore, Joel.
Relator term author.
9 (RLIN) 64933
942 ## - ADDED ENTRY ELEMENTS (KOHA)
Source of classification or shelving scheme Dewey Decimal Classification
Koha item type Periodicals
Holdings
Withdrawn status Lost status Source of classification or shelving scheme Damaged status Not for loan Collection code Home library Current library Date acquired Total Checkouts Date last seen Price effective from Koha item type Public note
    Dewey Decimal Classification     Periodicals UM Digos College - LIC UM Digos College - LIC 02/06/2025   02/06/2025 02/06/2025 Periodicals Periodical Article